| 000 | 00646nam a2200217 i 4500 | ||
|---|---|---|---|
| 001 | 140060 | ||
| 003 | ES-MaACL | ||
| 005 | 20250814081111.0 | ||
| 007 | t| | ||
| 008 | 070214s1906 fr r ||||1| fre d | ||
| 080 | _a581.6 | ||
| 100 | 1 |
_aSchribaux, E. _9104706 |
|
| 245 | 1 | 0 |
_aBotanique agricole / _cE. Schribaux, J. Nanot ; introduction par P. Regnard. |
| 260 |
_aParis : _bJ. B. Baillière, _c1906. |
||
| 300 |
_aXII, 376 p. : _bil. ; _c18 cm. |
||
| 650 | 7 |
_aBotánica agrícola _2embne _9150276 |
|
| 700 | 1 |
_aNanot, J. _984901 |
|
| 700 | 1 |
_aRegnard, Paul ( _d1850-1927) _9150831 |
|
| 852 | 4 |
_aES-MaACL _jD-3701 |
|
| 999 |
_c140060 _d140060 |
||